Přeskočit na obsah

МИГРАЦИОННАЯ СПОСОБНОСТЬ СОЕДИНЕНИЙ МАРГАНЦА В ТИПИЧНЫХ РЕГИОНАЛЬНЫХ ПОЧВАХ Статья

Uloženo v:
Podrobná bibliografie
Hlavní autor: Шумилова М.А
Médium: Статья
On-line přístup:https://znanium.com/catalog/document?id=224628
https://znanium.com/cover/0505/505328.jpg
Tagy: Přidat tag
Žádné tagy, Buďte první, kdo otaguje tento záznam!
LEADER 01205nam0a2200229 i 4500
001 RU\infra-m\znanium\bibl\505328
003 https://znanium.com/catalog/document?id=224628
005 20200226000000.0
100 |a 20200226d2015 m y0rusy0150 ca 
101 0 |a rus 
102 |a RU 
200 1 |a МИГРАЦИОННАЯ СПОСОБНОСТЬ СОЕДИНЕНИЙ МАРГАНЦА В ТИПИЧНЫХ РЕГИОНАЛЬНЫХ ПОЧВАХ  |e Статья 
210 1 |a Ижевск  |c ФГБОУ ВПО "Удмуртский Государственный университет"  |d 2013 
215 |a 6 с. 
333 |a Аспирантура 
606 |a Химические науки  |x Общая и неорганическая химия  |2 local 
608 |a Статья  |2 local 
700 1 |a Шумилова  |b М.А. 
701 1 |a Петров  |b В.Г. 
801 0 |a RU  |b Общество с ограниченной ответственностью «ЗНАНИУМ»  |c 20150226  |2 rusmarc 
856 4 |a znanium.com  |m ebs_support@infra-m.ru  |n НИЦ ИНФРА-М  |u https://znanium.com/catalog/document?id=224628 
856 4 1 |a znanium.com  |d /cover/0505  |f 505328.jpg  |q image/jpeg  |u https://znanium.com/cover/0505/505328.jpg 
Cannot write session to /tmp/vufind_sessions/sess_pcocvjiba0mjkpjr06glkpefhm